|
|
|
|
| LEADER |
00599nam a22001577a 4500 |
| 020 |
|
|
|a 978-0-393-91253-1
|
| 082 |
|
|
|a 808
|b GRE/T Q2 Vol-E
|
| 245 |
|
|
|a The Norton Anthology of English Literature
|
| 250 |
|
|
|a 9th (1st 1962)
|
| 260 |
|
|
|a London;
|b W W Norton & Company;
|c 2012
|
| 300 |
|
|
|a A54 1884p.
|
| 650 |
|
|
|a Anthology; English Anthology; English Literature
|9 314863
|
| 700 |
|
|
|a Greenblatt, Stephen (Ed.)
|9 314864
|
| 942 |
|
|
|c BK
|
| 999 |
|
|
|c 64698
|d 64698
|
| 952 |
|
|
|0 0
|1 0
|4 0
|6 808_000000000000000_GRE_T_Q2
|7 0
|8 EnglAnth
|9 77331
|a MAL
|b MAL
|d 2016-10-14
|e 56809
|l 0
|o 808 GRE/T Q2
|p MAL056809
|r 2016-10-14
|t 1
|w 2016-10-14
|y BK
|